000
00326nam a22001337a 4500
003
OSt
008
250303b |||||||| |||| 00| 0 eng d
100
_a
RAJAT
245
_a
Technology & its impact on....
260
_a
New Delhi,
_b
Naples Indian:
_c
2024.
300
_a
351p.
650
_a
Faculty Publication
942
_2
ddc
_c
BK
999
_c
13173
_d
13173